[Event "Scarborough Open"]
[Site "Scarborough"]
[Date "2023.10.28"]
[Round "2.1"]
[White "Alldritt, Nigel RE"]
[Black "Gormally, Daniel"]
[Result "0-1"]
[WhiteElo "1999"]
[BlackElo "2443"]
[PlyCount "85"]
[EventDate "2023.10.27"]
[EventType "swiss"]
[EventRounds "5"]
[EventCountry "ENG"]
[SourceTitle "BritBase"]
[Source "John Saunders"]
[SourceDate "2023.11.11"]
[SourceVersion "1"]
[SourceVersionDate "2023.11.11"]
[SourceQuality "1"]

1. d4 Nf6 2. c4 g6 3. g3 Bg7 4. Bg2 O-O 5. Nc3 d6 6. Nf3 c6 7. O-O Qa5 8. e4 e5
9. dxe5 dxe5 10. Qc2 Bg4 11. h3 Bxf3 12. Bxf3 Nbd7 13. a3 Qc7 14. b4 Rfd8 15.
Bb2 Nf8 16. Ne2 Ne6 17. Rfd1 c5 18. Bg2 Rxd1+ 19. Rxd1 cxb4 20. axb4 Rc8 21.
Rc1 a5 22. Ba3 Bf8 23. Qa4 axb4 24. Bxb4 Bxb4 25. Qxb4 Nc5 26. Qb1 Rd8 27. Qc2
Kg7 28. Rb1 Ne6 29. Rb5 b6 30. h4 Nc5 31. Nc3 Ne6 32. Nd5 Nxd5 33. Rxd5 Nd4 34.
Qd3 Ra8 35. f4 Ra4 36. fxe5 Qxc4 37. Qe3 Qe2 38. Qxe2 Nxe2+ 39. Kh2 Nd4 40. Rd7
h5 41. Rb7 Rb4 42. Kg1 Rb2 43. Kf1 0-1

[Event "Scarborough Open"]
[Site "Scarborough"]
[Date "2023.10.28"]
[Round "2.2"]
[White "Large, Peter G"]
[Black "Rogerson, Mark W"]
[Result "1-0"]
[WhiteElo "2248"]
[BlackElo "2075"]
[PlyCount "79"]
[EventDate "2023.10.27"]
[EventType "swiss"]
[EventRounds "5"]
[EventCountry "ENG"]
[SourceTitle "BritBase"]
[Source "John Saunders"]
[SourceDate "2023.11.11"]
[SourceVersion "1"]
[SourceVersionDate "2023.11.11"]
[SourceQuality "1"]

1. e4 e5 2. Nf3 Nc6 3. Bb5 a6 4. Bxc6 dxc6 5. O-O Bd6 6. d4 exd4 7. Qxd4 f6 8.
Be3 Be6 9. Nbd2 Ne7 10. Rfd1 O-O 11. Qc3 Qe8 12. Nd4 Bf7 13. Nc4 Rd8 14. Na5 c5
15. Ne2 Be5 16. Rxd8 Qxd8 17. Nxb7 Qb8 18. Qxc5 Qxb7 19. Qxe7 Bd6 20. Qd7 Qxb2
21. Rc1 Qxa2 22. Nd4 Be8 23. Qg4 h5 24. Qd1 Qc4 25. f3 Bf7 26. Nf5 Be5 27. c3
a5 28. Bd4 Rd8 29. Qe1 Bf4 30. Rd1 Qe6 31. Ra1 g6 32. Ne3 Be5 33. Rxa5 Bxd4 34.
cxd4 Rxd4 35. Rc5 Qb6 36. Qc1 Rb4 37. Kf2 Rb2+ 38. Kg3 Qd6+ 39. e5 fxe5 40.
Rxc7 1-0

[Event "Scarborough Open"]
[Site "Scarborough"]
[Date "2023.10.28"]
[Round "2.3"]
[White "Fellowes, Billy"]
[Black "Wall, Timothy P"]
[Result "1-0"]
[WhiteElo "1759"]
[BlackElo "2216"]
[PlyCount "67"]
[EventDate "2023.10.27"]
[EventType "swiss"]
[EventRounds "5"]
[EventCountry "ENG"]
[SourceTitle "BritBase"]
[Source "John Saunders"]
[SourceDate "2023.11.11"]
[SourceVersion "1"]
[SourceVersionDate "2023.11.11"]
[SourceQuality "1"]

1. d4 e6 2. Bf4 b6 3. e4 Bb7 4. Nd2 d6 5. Ngf3 Nd7 6. Bd3 g6 7. c3 Bg7 8. Nf1
Ne7 9. Qd2 h6 10. h4 a6 11. O-O-O Qb8 12. Ne3 Nf6 13. Qc2 b5 14. Nd2 Qa7 15.
Nb3 Rd8 16. c4 Nc6 17. d5 Nb4 18. Qd2 Nxd3+ 19. Qxd3 O-O 20. Rhe1 Rfe8 21. f3
bxc4 22. Qxc4 exd5 23. exd5 Qb6 24. Qc2 Nh5 25. Nc4 Qb5 26. Rxe8+ Rxe8 27. Bxd6
Bxd5 28. Na3 Qb7 29. Na5 Qa8 30. Bh2 Nf6 31. Bg1 Be6 32. Bd4 c5 33. Be5 Bf5 34.
Qc3 1-0

[Event "Scarborough Open"]
[Site "Scarborough"]
[Date "2023.10.28"]
[Round "2.4"]
[White "Jackson, Edward"]
[Black "Hutchinson, Paul A"]
[Result "1/2-1/2"]
[WhiteElo "2166"]
[BlackElo "2011"]
[PlyCount "85"]
[EventDate "2023.10.27"]
[EventType "swiss"]
[EventRounds "5"]
[EventCountry "ENG"]
[SourceTitle "BritBase"]
[Source "John Saunders"]
[SourceDate "2023.11.11"]
[SourceVersion "1"]
[SourceVersionDate "2023.11.11"]
[SourceQuality "1"]

1. e4 d5 2. exd5 Qxd5 3. Nc3 Qa5 4. d4 Nf6 5. Nf3 c6 6. Ne5 Nbd7 7. Nc4 Qd8 8.
Bf4 Nb6 9. Be2 Bf5 10. O-O e6 11. Be5 Be7 12. Ne3 Bg6 13. f4 Nbd5 14. Ncxd5
Nxd5 15. Nxd5 Qxd5 16. c4 Qd7 17. d5 cxd5 18. cxd5 Bc5+ 19. Kh1 O-O 20. Bc4 Qe7
21. dxe6 fxe6 22. Qb3 Bf5 23. Rae1 Rfe8 24. Qg3 Rad8 25. Bc3 Qc7 26. Bb3 Bd4
27. Rc1 Qb6 28. h3 h6 29. Rcd1 Bxc3 30. Qxc3 Be4 31. f5 Rxd1 32. Rxd1 Qf2 33.
Qd2 Qxf5 34. Qe3 Kh7 35. Re1 Bd5 36. Bxd5 Qxd5 37. Qxa7 Rc8 38. Qa4 Rc4 39. Qb3
Qc6 40. Qd3+ Kh8 41. Qd8+ Kh7 42. Qd3+ Kh8 43. Qd8+ 1/2-1/2

[Event "Scarborough Open"]
[Site "Scarborough"]
[Date "2023.10.28"]
[Round "2.5"]
[White "Badacsonyi, Stanley"]
[Black "Skettos, Nicolas"]
[Result "1/2-1/2"]
[WhiteElo "2008"]
[BlackElo "1887"]
[PlyCount "53"]
[EventDate "2023.10.27"]
[EventType "swiss"]
[EventRounds "5"]
[EventCountry "ENG"]
[SourceTitle "BritBase"]
[Source "John Saunders"]
[SourceDate "2023.11.11"]
[SourceVersion "1"]
[SourceVersionDate "2023.11.11"]
[SourceQuality "1"]

1. Nf3 Nf6 2. g3 b6 3. Bg2 Bb7 4. O-O c5 5. d3 g6 6. e4 d6 7. Re1 Bg7 8. Nbd2
O-O 9. Rb1 e5 10. h4 Nc6 11. Nf1 Bc8 12. Bd2 Qc7 13. Qc1 Ng4 14. Ne3 Nxe3 15.
Bxe3 Bg4 16. Bh6 Nd4 17. Nxd4 cxd4 18. Bxg7 Kxg7 19. Qd2 Rac8 20. Rec1 Be6 21.
c4 f5 22. f3 Qe7 23. Qg5 Qxg5 24. hxg5 fxe4 25. fxe4 Bg4 26. Rc2 b5 27. b3
1/2-1/2

[Event "Scarborough Open"]
[Site "Scarborough"]
[Date "2023.10.28"]
[Round "2.8"]
[White "Ilett, Raymond J"]
[Black "Milson, Samuel A"]
[Result "0-1"]
[WhiteElo "1773"]
[BlackElo "2074"]
[PlyCount "72"]
[EventDate "2023.10.27"]
[EventType "swiss"]
[EventRounds "5"]
[EventCountry "ENG"]
[SourceTitle "BritBase"]
[Source "John Saunders"]
[SourceDate "2023.11.11"]
[SourceVersion "1"]
[SourceVersionDate "2023.11.11"]
[SourceQuality "1"]

1. d4 d5 2. c4 c6 3. Nf3 Nf6 4. e3 Bf5 5. Nc3 e6 6. Nh4 Be4 7. f3 Bg6 8. Nxg6
hxg6 9. e4 dxe4 10. fxe4 Nh5 11. Qg4 Qxd4 12. Bg5 Nd7 13. Rd1 Qb6 14. Qe2 Ne5
15. Be3 Bc5 16. Na4 Qa5+ 17. Qd2 Qxd2+ 18. Bxd2 Bd4 19. Bg5 c5 20. Bh4 g5 21.
Bf2 O-O-O 22. Be2 Nf4 23. Kf1 b6 24. b3 Nxe2 25. Kxe2 Bxf2 26. Kxf2 Rxd1 27.
Rxd1 Rxh2 28. Nc3 a6 29. Na4 Kc7 30. a3 Rh4 31. Nc3 Rf4+ 32. Ke3 Ng4+ 33. Ke2
Rf2+ 34. Kd3 Rxg2 35. Rf1 Rg3+ 36. Kd2 Ne5 0-1

[Event "Scarborough Open"]
[Site "Scarborough"]
[Date "2023.10.28"]
[Round "2.9"]
[White "Van Kemenade, Julie"]
[Black "Varley, Joe"]
[Result "0-1"]
[WhiteElo "1683"]
[BlackElo "1967"]
[PlyCount "62"]
[EventDate "2023.10.27"]
[EventType "swiss"]
[EventRounds "5"]
[EventCountry "ENG"]
[SourceTitle "BritBase"]
[Source "John Saunders"]
[SourceDate "2023.11.11"]
[SourceVersion "1"]
[SourceVersionDate "2023.11.11"]
[SourceQuality "1"]

1. e4 c5 2. Bc4 e6 3. Nc3 Nc6 4. Nf3 g6 5. a3 Bg7 6. O-O Nge7 7. Re1 O-O 8. Ba2
d5 9. e5 Nf5 10. d3 h6 11. Bf4 g5 12. Bg3 g4 13. Nd2 Nxg3 14. hxg3 Nxe5 15. Ne2
Ng6 16. c3 e5 17. Rc1 Be6 18. d4 b6 19. Nf1 Rc8 20. Bb1 e4 21. Ne3 Qd7 22. Qd2
h5 23. Red1 Rfd8 24. Nf4 Nxf4 25. gxf4 cxd4 26. cxd4 h4 27. g3 h3 28. Kh2 f5
29. Ba2 Qb5 30. Nc2 Qxb2 31. Bb1 Rc4 0-1

[Event "Scarborough Open"]
[Site "Scarborough"]
[Date "2023.10.28"]
[Round "2.10"]
[White "Raju, Sooraj Menothuparam"]
[Black "Day, Jonathan A"]
[Result "1-0"]
[WhiteElo "1925"]
[BlackElo "1704"]
[PlyCount "57"]
[EventDate "2023.10.27"]
[EventType "swiss"]
[EventRounds "5"]
[EventCountry "ENG"]
[SourceTitle "BritBase"]
[Source "John Saunders"]
[SourceDate "2023.11.11"]
[SourceVersion "1"]
[SourceVersionDate "2023.11.11"]
[SourceQuality "1"]

1. e4 c6 2. c4 d5 3. exd5 cxd5 4. cxd5 Qxd5 5. Nc3 Qa5 6. d4 Nf6 7. Nf3 g6 8.
Bb5+ Bd7 9. Bc4 b5 10. Bxf7+ Kxf7 11. Ne5+ Kg7 12. Qf3 b4 13. Qxa8 bxc3 14. O-O
cxb2 15. Bxb2 Qb6 16. Rab1 Bf5 17. Nc4 Qa6 18. Rbc1 Bd3 19. Qxb8 Bxc4 20. Rfe1
Kf7 21. d5 Bg7 22. Rxe7+ Kxe7 23. Qc7+ Nd7 24. Re1+ Be2 25. Ba3+ Qxa3 26. Rxe2+
Be5 27. Rxe5+ Kf6 28. Re6+ Kf7 29. Qxd7+ 1-0

[Event "Scarborough Open"]
[Site "Scarborough"]
[Date "2023.10.28"]
[Round "2.11"]
[White "White, Stuart A"]
[Black "Dobson, Graham W"]
[Result "1-0"]
[WhiteElo "2024"]
[BlackElo "1908"]
[PlyCount "99"]
[EventDate "2023.10.27"]
[EventType "swiss"]
[EventRounds "5"]
[EventCountry "ENG"]
[SourceTitle "BritBase"]
[Source "John Saunders"]
[SourceDate "2023.11.11"]
[SourceVersion "1"]
[SourceVersionDate "2023.11.11"]
[SourceQuality "1"]

1. d4 Nf6 2. c4 c5 3. d5 e6 4. Nc3 exd5 5. cxd5 d6 6. Nf3 g6 7. Nd2 Bg7 8. e4
O-O 9. Be2 Re8 10. O-O a6 11. a4 Nbd7 12. Re1 Ne5 13. Nf1 Bg4 14. f3 Bc8 15. f4
Ned7 16. Bf3 Rb8 17. a5 b5 18. axb6 Qxb6 19. Ne3 Qc7 20. Nc4 Rb4 21. Na5 Bb7
22. Nc6 Bxc6 23. dxc6 Nb6 24. Nd5 Nbxd5 25. exd5 Rbb8 26. Rxa6 Rxe1+ 27. Qxe1
Re8 28. Qa5 Qxa5 29. Rxa5 Rc8 30. g4 Ne8 31. g5 Bd4+ 32. Kf1 Kg7 33. Bg4 Rb8
34. Ra7 c4 35. Rb7 Rxb7 36. cxb7 Ba7 37. Be3 Bb8 38. Be2 Kf8 39. Bxc4 Ke7 40.
Bb5 Nc7 41. Bc6 Na6 42. Ke2 f5 43. gxf6+ Kxf6 44. Bd4+ Ke7 45. Kf3 Kf7 46. Kg4
h6 47. h4 h5+ 48. Kg5 Nc7 49. f5 gxf5 50. Kxh5 1-0

[Event "Scarborough Open"]
[Site "Scarborough"]
[Date "2023.10.28"]
[Round "2.12"]
[White "Longson, Sarah N"]
[Black "Rich, Aaron"]
[Result "1-0"]
[WhiteElo "2006"]
[BlackElo "1583"]
[PlyCount "99"]
[EventDate "2023.10.27"]
[EventType "swiss"]
[EventRounds "5"]
[EventCountry "ENG"]
[SourceTitle "BritBase"]
[Source "John Saunders"]
[SourceDate "2023.11.11"]
[SourceVersion "1"]
[SourceVersionDate "2023.11.11"]
[SourceQuality "1"]

1. e4 c5 2. Nc3 Nc6 3. Bb5 g6 4. Bxc6 dxc6 5. f4 Bg7 6. Nf3 Nf6 7. O-O Bg4 8.
d3 h5 9. Be3 b6 10. h3 Bxf3 11. Qxf3 Rc8 12. f5 gxf5 13. Qxf5 Qd7 14. Qf3 Qe6
15. Ne2 Bh6 16. Bxh6 Rxh6 17. Rf2 Kd7 18. a4 Rch8 19. Ng3 Rg6 20. Nf5 Rhg8 21.
Qf4 Nh7 22. Kh1 Ng5 23. Re1 Rf6 24. c3 Rfg6 25. Rd2 Kc8 26. d4 Rd8 27. Rde2
cxd4 28. cxd4 Kb7 29. d5 Qd7 30. dxc6+ Qxc6 31. Nxe7 Qf6 32. Nxg6 Qxg6 33. Rf1
Rd4 34. Rc2 Rd7 35. Qf5 Qxf5 36. exf5 Ne4 37. Kh2 Rd3 38. Re1 Rd4 39. b3 Ka6
40. Rc7 f6 41. Re3 h4 42. Rh7 Nc5 43. Ree7 Ka5 44. Rxa7+ Kb4 45. Rh6 Nd7 46.
Rb7 Kxb3 47. a5 Nc5 48. Rxb6+ Kc4 49. a6 Rd1 50. Rxh4+ 1-0

[Event "Scarborough Open"]
[Site "Scarborough"]
[Date "2023.10.28"]
[Round "2.13"]
[White "Dossett, Christopher S"]
[Black "Karumazondo, R Ernest"]
[Result "1/2-1/2"]
[WhiteElo "1925"]
[BlackElo "1934"]
[PlyCount "65"]
[EventDate "2023.10.27"]
[EventType "swiss"]
[EventRounds "5"]
[EventCountry "ENG"]
[SourceTitle "BritBase"]
[Source "John Saunders"]
[SourceDate "2023.11.11"]
[SourceVersion "1"]
[SourceVersionDate "2023.11.11"]
[SourceQuality "1"]

1. Nf3 c5 2. e4 Nc6 3. d4 cxd4 4. Nxd4 Nf6 5. Nc3 e5 6. Ndb5 d6 7. Bg5 a6 8.
Na3 b5 9. Nd5 Be7 10. Nxe7 Nxe7 11. Bxf6 gxf6 12. c4 Qa5+ 13. Qd2 Qxd2+ 14.
Kxd2 b4 15. Nc2 a5 16. Ne3 f5 17. Bd3 fxe4 18. Bxe4 Rb8 19. Rhc1 f5 20. Bf3 Be6
21. Nd5 Bxd5 22. Bxd5 Kd7 23. Rc2 Rhc8 24. Bf3 Rc5 25. b3 Ke6 26. g4 Kf6 27.
Rg1 Rg8 28. Rcc1 fxg4 29. Bxg4 d5 30. Be2 Rxg1 31. Rxg1 d4 32. Bd3 Rc8 33. Be4
1/2-1/2

[Event "Scarborough Open"]
[Site "Scarborough"]
[Date "2023.10.28"]
[Round "2.14"]
[White "Pal, Rohan"]
[Black "Garnett, John S"]
[Result "0-1"]
[WhiteElo "1920"]
[BlackElo "1805"]
[PlyCount "120"]
[EventDate "2023.10.27"]
[EventType "swiss"]
[EventRounds "5"]
[EventCountry "ENG"]
[SourceTitle "BritBase"]
[Source "John Saunders"]
[SourceDate "2023.11.11"]
[SourceVersion "1"]
[SourceVersionDate "2023.11.11"]
[SourceQuality "1"]

1. e4 d5 2. exd5 Nf6 3. Nf3 Qxd5 4. Nc3 Qd6 5. d4 c6 6. Ne5 Nbd7 7. Nc4 Qc7 8.
Qf3 Nb6 9. Bf4 Qd8 10. Be5 Be6 11. Ne3 g6 12. O-O-O Bh6 13. Kb1 O-O 14. h4 Nbd5
15. Ncxd5 Nxd5 16. Ng4 Bg7 17. h5 Qd7 18. Be2 Bxg4 19. Qxg4 Qxg4 20. Bxg4 Bxe5
21. dxe5 Rfd8 22. hxg6 hxg6 23. Rh6 f5 24. Rxg6+ Kf7 25. Bxf5 Nc3+ 26. bxc3
Rxd1+ 27. Kb2 Rg8 28. e6+ Kf8 29. Rxg8+ Kxg8 30. Bh3 Rf1 31. f3 Rf2 32. Kb3 Kg7
33. c4 Kf6 34. Kc3 Ke5 35. Kd3 Kd6 36. Kc3 Kc5 37. a3 b5 38. cxb5 Kxb5 39. Kb3
a5 40. Bf5 Rxg2 41. Bd3+ Kc5 42. f4 Rf2 43. f5 Rf4 44. Kc3 Kd5 45. Kd2 Ke5 46.
Kc3 Rxf5 47. Bxf5 Kxf5 48. Kb3 Kxe6 49. Ka4 Kd5 50. Kxa5 Kc5 51. a4 e5 52. Ka6
e4 53. a5 e3 54. Kb7 e2 55. a6 e1=Q 56. a7 Qe7+ 57. Ka6 Qd8 58. Kb7 Qb6+ 59.
Ka8 Qc7 60. c3 Qc8# 0-1

[Event "Scarborough Open"]
[Site "Scarborough"]
[Date "2023.10.28"]
[Round "2.15"]
[White "Wise, David"]
[Black "Van Kemenade, Rudy"]
[Result "0-1"]
[WhiteElo "2104"]
[BlackElo "1946"]
[PlyCount "84"]
[EventDate "2023.10.27"]
[EventType "swiss"]
[EventRounds "5"]
[EventCountry "ENG"]
[SourceTitle "BritBase"]
[Source "John Saunders"]
[SourceDate "2023.11.11"]
[SourceVersion "1"]
[SourceVersionDate "2023.11.11"]
[SourceQuality "1"]

1. e4 e5 2. Nf3 Nf6 3. d4 Nxe4 4. Bd3 d5 5. Nxe5 Nd7 6. Nc3 Nxc3 7. bxc3 Nxe5
8. dxe5 Bc5 9. Qh5 g6 10. Qh6 Qe7 11. O-O Qf8 12. Qh4 Be7 13. Qd4 c6 14. c4 Be6
15. cxd5 Bxd5 16. e6 Bxe6 17. Bh6 Bc5 18. Qb2 Qxh6 19. Qxh8+ Bf8 20. Rab1 O-O-O
21. Qb2 b6 22. Be4 Bd6 23. g3 Kc7 24. Qc3 Bc5 25. Rbd1 Rxd1 26. Rxd1 a5 27.
Qe5+ Kb7 28. a4 Qf8 29. Qf6 Be7 30. Qf3 Qc8 31. Qd3 Ka7 32. Qc3 Bc5 33. Qf6 Qc7
34. Qg7 Bg4 35. Rd3 Qe7 36. h3 Bf5 37. Qg8 Bxe4 38. Rd8 Qc7 39. Kf1 Bf5 40. Kg2
Bxc2 41. Rc8 Qb7 42. Qd8 Bd6 0-1

[Event "Scarborough Open"]
[Site "Scarborough"]
[Date "2023.10.28"]
[Round "2.16"]
[White "Patel, Keatan"]
[Black "Harkness, Bryan D"]
[Result "1/2-1/2"]
[WhiteElo "1700"]
[BlackElo "2010"]
[PlyCount "36"]
[EventDate "2023.10.27"]
[EventType "swiss"]
[EventRounds "5"]
[EventCountry "ENG"]
[SourceTitle "BritBase"]
[Source "John Saunders"]
[SourceDate "2023.11.11"]
[SourceVersion "1"]
[SourceVersionDate "2023.11.11"]
[SourceQuality "1"]

1. Nf3 Nf6 2. d4 g6 3. c4 Bg7 4. Nc3 d5 5. Qb3 dxc4 6. Qxc4 O-O 7. e4 a6 8. Qb3
c5 9. dxc5 Qc7 10. Qb6 Qxb6 11. cxb6 Nbd7 12. Bd3 Nxb6 13. Be3 Nbd7 14. h3 Nb8
15. Na4 Nfd7 16. Nd4 b5 17. Nc3 Ne5 18. Be2 Nbc6 1/2-1/2

[Event "Scarborough Open"]
[Site "Scarborough"]
[Date "2023.10.28"]
[Round "2.17"]
[White "Bolt, Graham"]
[Black "Sheppard, Derek Alan"]
[Result "1-0"]
[WhiteElo "1950"]
[BlackElo "1669"]
[PlyCount "63"]
[EventDate "2023.10.27"]
[EventType "swiss"]
[EventRounds "5"]
[EventCountry "ENG"]
[SourceTitle "BritBase"]
[Source "John Saunders"]
[SourceDate "2023.11.11"]
[SourceVersion "1"]
[SourceVersionDate "2023.11.11"]
[SourceQuality "1"]

1. Nf3 Nf6 2. g3 d6 3. Bg2 e5 4. d3 g6 5. c4 Nbd7 6. Nc3 Bg7 7. O-O O-O 8. Qc2
c6 9. e4 Nc5 10. h3 Bd7 11. Be3 Ne6 12. d4 exd4 13. Nxd4 Nxd4 14. Bxd4 Be6 15.
b3 Qc7 16. Rac1 a6 17. Rfd1 Rfd8 18. Na4 Nd7 19. Bxg7 Kxg7 20. Kh2 Kg8 21. Rd2
Nf6 22. Qb2 Ne8 23. Qc3 Rac8 24. Qe3 Qe7 25. Rcd1 Qc7 26. f4 f5 27. c5 dxc5 28.
Nxc5 Rxd2 29. Rxd2 Qf7 30. e5 Nc7 31. Nxb7 Nd5 32. Bxd5 1-0

[Event "Scarborough Open"]
[Site "Scarborough"]
[Date "2023.10.28"]
[Round "2.18"]
[White "Dilleigh, Stephen P"]
[Black "Isaacs, Ruairi"]
[Result "1-0"]
[WhiteElo "2031"]
[BlackElo "1457"]
[PlyCount "111"]
[EventDate "2023.10.27"]
[EventType "swiss"]
[EventRounds "5"]
[EventCountry "ENG"]
[SourceTitle "BritBase"]
[Source "John Saunders"]
[SourceDate "2023.11.11"]
[SourceVersion "1"]
[SourceVersionDate "2023.11.11"]
[SourceQuality "1"]

1. Nf3 Nf6 2. c4 d6 3. d4 g6 4. Nc3 Bg7 5. e4 O-O 6. Be2 e5 7. Be3 Ng4 8. Bg5
f6 9. Bh4 Nc6 10. d5 Ne7 11. Nd2 Nh6 12. f3 c5 13. dxc6 bxc6 14. b4 g5 15. Bf2
f5 16. O-O Ng6 17. Nb3 fxe4 18. fxe4 Nf4 19. b5 c5 20. Nd5 Be6 21. Be1 Bxd5 22.
cxd5 Nxe2+ 23. Qxe2 Rxf1+ 24. Qxf1 Qc8 25. Nd2 Qg4 26. Qf3 Qxf3 27. Nxf3 Nf7
28. Nd2 g4 29. Bh4 Bh6 30. Nc4 Bg5 31. Bxg5 Nxg5 32. Nxd6 Rd8 33. Nb7 Rb8 34.
Nxc5 Rxb5 35. Rc1 Kf8 36. Nd7+ Ke7 37. Nxe5 Kd6 38. Nc4+ Kd7 39. Re1 Rb4 40.
Ne5+ Kd6 41. Nxg4 Rxe4 42. Rxe4 Nxe4 43. Ne3 Nc3 44. a3 Nb5 45. a4 Nc3 46. a5
Nxd5 47. Nxd5 Kxd5 48. g4 Kc5 49. h4 Kb5 50. g5 Kxa5 51. h5 Kb4 52. g6 hxg6 53.
hxg6 a5 54. g7 a4 55. g8=Q Ka3 56. Qc4 1-0

[Event "Scarborough Open"]
[Site "Scarborough"]
[Date "2023.10.28"]
[Round "2.19"]
[White "Mkpadi, C Michael"]
[Black "Blackford, Ross"]
[Result "0-1"]
[WhiteElo "1456"]
[BlackElo "1779"]
[PlyCount "68"]
[EventDate "2023.10.27"]
[EventType "swiss"]
[EventRounds "5"]
[EventCountry "ENG"]
[SourceTitle "BritBase"]
[Source "John Saunders"]
[SourceDate "2023.11.11"]
[SourceVersion "1"]
[SourceVersionDate "2023.11.11"]
[SourceQuality "1"]

1. Nc3 d5 2. d4 Nf6 3. e4 dxe4 4. f3 exf3 5. Nxf3 Bf5 6. Bc4 c6 7. O-O e6 8.
Bg5 Be7 9. Qe2 O-O 10. Rad1 Nbd7 11. Ne5 Nxe5 12. Qxe5 Ng4 13. Bxe7 Nxe5 14.
Bxd8 Nxc4 15. Bg5 Bxc2 16. Rc1 Bg6 17. Na4 b5 18. b3 bxa4 19. bxc4 f6 20. Bd2
Rfd8 21. Bc3 Rd7 22. Rfe1 Kf7 23. Ba1 Rb8 24. c5 Rb4 25. Bc3 Rb5 26. Ba1 Rdb7
27. Kf2 a3 28. Re3 Rb2+ 29. Re2 Rxe2+ 30. Kxe2 Rb2+ 31. Kf3 Rxa2 32. Bc3 Rb2
33. Ra1 Rb3 34. Rc1 a2 0-1

[Event "Scarborough Open"]
[Site "Scarborough"]
[Date "2023.10.28"]
[Round "2.20"]
[White "Brencher, Paul"]
[Black "Mitchell, Martin"]
[Result "0-1"]
[WhiteElo "1870"]
[BlackElo "2186"]
[PlyCount "82"]
[EventDate "2023.10.27"]
[EventType "swiss"]
[EventRounds "5"]
[EventCountry "ENG"]
[SourceTitle "BritBase"]
[Source "John Saunders"]
[SourceDate "2023.11.11"]
[SourceVersion "1"]
[SourceVersionDate "2023.11.11"]
[SourceQuality "1"]

1. d4 Nf6 2. Nc3 d6 3. e4 g6 4. Nf3 Bg7 5. Be3 a6 6. a4 Nc6 7. h3 O-O 8. Be2 e5
9. dxe5 dxe5 10. O-O Be6 11. Qxd8 Raxd8 12. Rad1 h6 13. b3 Rfe8 14. Rxd8 Rxd8
15. Rd1 Rxd1+ 16. Bxd1 Bf8 17. Nd2 Kg7 18. f3 Nd7 19. Ne2 f5 20. f4 Bd6 21.
fxe5 Ndxe5 22. Nf4 Bd7 23. exf5 Bxf5 24. g4 Bd7 25. Be2 g5 26. Nd3 Be8 27. Nc5
Nd8 28. Nc4 Bg6 29. c3 Bf7 30. Bd4 Bxc5 31. Bxc5 Nxc4 32. bxc4 Be8 33. Bd1 Bf7
34. Be2 Be8 35. Bd1 Nc6 36. Bf3 Na5 37. Bb4 Nxc4 38. Bxb7 a5 39. Ba6 axb4 40.
Bxc4 bxc3 41. Bb3 Bg6 0-1

[Event "Scarborough Open"]
[Site "Scarborough"]
[Date "2023.10.28"]
[Round "2.21"]
[White "Ridge, Michael"]
[Black "Birtwistle, Nigel"]
[Result "0-1"]
[WhiteElo "1783"]
[BlackElo "2129"]
[PlyCount "70"]
[EventDate "2023.10.27"]
[EventType "swiss"]
[EventRounds "5"]
[EventCountry "ENG"]
[SourceTitle "BritBase"]
[Source "John Saunders"]
[SourceDate "2023.11.11"]
[SourceVersion "1"]
[SourceVersionDate "2023.11.11"]
[SourceQuality "1"]

1. e4 c5 2. Nf3 g6 3. d4 cxd4 4. Nxd4 Nc6 5. c4 Nf6 6. Nc3 Nxd4 7. Qxd4 d6 8.
Be2 Bg7 9. Bg5 O-O 10. Qd2 a5 11. Rd1 Be6 12. f3 a4 13. c5 dxc5 14. Qxd8 Rfxd8
15. Rxd8+ Rxd8 16. Nxa4 Bxa2 17. Nxc5 Rc8 18. Be3 Ne8 19. O-O Nd6 20. b4 Bc4
21. Bxc4 Nxc4 22. Bf2 b5 23. Nd3 Rd8 24. Nf4 e6 25. Bc5 Be5 26. Ne2 Rd2 27. Re1
h5 28. f4 Bb2 29. Kf2 e5 30. g3 Kg7 31. fxe5 Nxe5 32. Rb1 f6 33. Ke1 Nf3+ 34.
Kf1 Ne5 35. Ke1 Nc4 0-1

[Event "Scarborough Open"]
[Site "Scarborough"]
[Date "2023.10.28"]
[Round "2.22"]
[White "Bharat Kumar, Balahari"]
[Black "Grillage, Andrew"]
[Result "1/2-1/2"]
[WhiteElo "1936"]
[BlackElo "1990"]
[PlyCount "84"]
[EventDate "2023.10.27"]
[EventType "swiss"]
[EventRounds "5"]
[EventCountry "ENG"]
[SourceTitle "BritBase"]
[Source "John Saunders"]
[SourceDate "2023.11.11"]
[SourceVersion "1"]
[SourceVersionDate "2023.11.11"]
[SourceQuality "1"]

1. d4 Nf6 2. c4 e6 3. Nf3 Bb4+ 4. Bd2 Bxd2+ 5. Qxd2 d6 6. Nc3 Nbd7 7. e4 O-O 8.
Be2 e5 9. O-O Re8 10. d5 a5 11. b3 Nf8 12. Ne1 Ng6 13. Nd3 Qe7 14. a3 Bd7 15.
b4 b6 16. Qe3 Ng4 17. Bxg4 Bxg4 18. f3 Bc8 19. c5 bxc5 20. bxc5 Ba6 21. cxd6
cxd6 22. Rfc1 Rec8 23. Na4 Rab8 24. Rxc8+ Rxc8 25. Rc1 Rxc1+ 26. Nxc1 Qc7 27.
Nb2 Qc2 28. Nbd3 h6 29. g3 Nf8 30. h4 Nh7 31. Nf2 Nf6 32. Ncd3 Qc3 33. Qc1 Qd4
34. Qd2 Nh5 35. Kg2 f5 36. exf5 Qxd5 37. Qe3 Nf6 38. Kg1 Bb7 39. Ne1 Bc8 40. g4
Bb7 41. g5 hxg5 42. hxg5 Nh5 1/2-1/2

[Event "Scarborough Open"]
[Site "Scarborough"]
[Date "2023.10.28"]
[Round "2.23"]
[White "Han, Qixiang"]
[Black "McLean, Robert"]
[Result "1/2-1/2"]
[WhiteElo "1671"]
[BlackElo "1892"]
[PlyCount "71"]
[EventDate "2023.10.27"]
[EventType "swiss"]
[EventRounds "5"]
[EventCountry "ENG"]
[SourceTitle "BritBase"]
[Source "John Saunders"]
[SourceDate "2023.11.11"]
[SourceVersion "1"]
[SourceVersionDate "2023.11.11"]
[SourceQuality "1"]

1. b3 e5 2. Bb2 Nc6 3. c4 Nf6 4. e3 d5 5. cxd5 Nxd5 6. a3 Bd6 7. Qc2 Qe7 8. Bd3
Bd7 9. Nc3 Nxc3 10. Qxc3 O-O-O 11. Qc2 Qg5 12. g3 f5 13. h4 Qh5 14. Be2 Qf7 15.
Nf3 h6 16. b4 e4 17. Nd4 Nxd4 18. Bxd4 Kb8 19. Bc4 Be6 20. Bxe6 Qxe6 21. Bxg7
Rh7 22. Bd4 Be5 23. Bxe5 Qxe5 24. Rd1 Rhd7 25. O-O Rd3 26. Qa2 R8d5 27. Kg2 h5
28. f3 f4 29. gxf4 Qf5 30. Kf2 Qh3 31. fxe4 Qxh4+ 32. Ke2 Qg4+ 33. Kf2 Qh4+ 34.
Ke2 Qg4+ 35. Kf2 Qh4+ 36. Kg2 1/2-1/2